Quoi ? - Statistiques

Statistiques générales
  • Ce quiz a été pris 11 fois
  • Le résultat moyen est 3 sur 15
Statistiques - réponses
Hint Réponse % Correct
4 coiffe
100%
1 coiffeur
82%
2 quoicoubeh
36%
5 coiffer
27%
3 coiffeuse
27%
9 koala
18%
13 quad
18%
8 kuala lumpur
9%
7 quadragénaire
9%
6 quadrilatère
9%
11 cuadrado
0%
14 quadriceps
0%
12 quadrupède
0%
15 quadruplé
0%
10 quaresma
0%
Aucun quiz correspondant
Distribution des résultats
% des personnes avec chaque résultat
Percentile par nombre de réponses
Votre historique - résultats
Vous n’avez pas pris ce quiz